| 000 | 00820nam a22002297a 4500 | ||
|---|---|---|---|
| 005 | 20240530110345.0 | ||
| 008 | 141203s2008 ua o f 000 0 ara d | ||
| 017 |
_a2007/24265 _bمصر . دار الكتب المصرية |
||
| 020 | _a9789770315815 | ||
| 040 | _aEG-CaGPL | ||
| 041 | 0 | _aara | |
| 082 | 0 | 4 |
_221 _a597\ _bع هـ |
| 100 | 0 | _aعبدالبارى محمد محمود | |
| 245 | 1 | 0 |
_aهجرة الاسماك : _bمواسمها واماكن تواجدها / _cعبدالبارى محمد محمود |
| 250 | _aط 1 | ||
| 260 |
_aالاسكندرية : _bمنشأة المعارف ، _c2008 |
||
| 300 |
_a251 ص : _bصور بعضها ملون ؛ _c24 سم |
||
| 650 | 0 | 4 |
_aالاسماك _xهجرة |
| 650 | 0 | 4 |
_aالاسماك _xبيئة |
| 942 |
_2ddc _cBK |
||
| 999 |
_c59962 _d59962 |
||